[Event "Bled op-B"]
[Site "Bled"]
[Date "1995.??.??"]
[Round "9"]
[White "Ciglic, Boris"]
[Black "Daels, Marc"]
[Result "0-1"]
[WhiteElo "2195"]
[BlackElo "2280"]

1.Nf3 Nf6 2.c4 b6 3.g3 Bb7 4.Bg2 c5 5.O-O e6 6.d3 Be7 7.e4 d6 8.Nc3 Nc6 9.Ne1 O-O
10.f4 Nd4 11.g4 Nd7 12.Nf3 Nxf3+ 13.Qxf3 f5 14.gxf5 exf5 15.Qh3 g6 16.Be3 Rf7
17.Rf2 Qf8 18.Re1 Rb8 19.Rfe2 Nf6 20.Nd5 Nxd5 21.exd5 Bf6 22.Bf2 Rd8 23.Bh4 Bc8
24.Bxf6 Rxf6 25.Re7 Rf7 26.Qh4 h6 27.R1e2 Bd7 28.Qe1 Rxe7 29.Rxe7 Re8 30.Rxe8 Qxe8
31.Qxe8+ Bxe8 32.Kf2 g5 33.d4 cxd4 34.Ke2 Kg7 35.Kd3 gxf4 36.Bf3 a5 37.b3 Kg6
38.Kxd4 Kg5 39.a3 Kh4 40.Bg2 Kg4 41.b4 axb4 42.axb4 f3 43.Bf1 Kf4  0-1

[Event "SWE-chB"]
[Site "Borlange"]
[Date "1995.??.??"]
[Round "?"]
[White "Zetterberg, Staffan"]
[Black "Couso, Luis"]
[Result "1/2-1/2"]
[WhiteElo "2170"]
[BlackElo "2335"]

1.c4 Nf6 2.Nf3 e6 3.g3 b6 4.Bg2 Bb7 5.O-O c5 6.b3 Be7 7.Bb2 Na6 8.Na3 O-O
9.d4 d5 10.e3 Qc8 11.Qe2  1/2-1/2

[Event "RUS-chT"]
[Site "Briansk"]
[Date "1995.??.??"]
[Round "2"]
[White "Landa, Konstantin"]
[Black "Notkin, Maksim"]
[Result "1-0"]
[WhiteElo "2500"]
[BlackElo "2485"]

1.Nf3 Nf6 2.g3 b6 3.Bg2 Bb7 4.O-O c5 5.c4 e6 6.Nc3 Be7 7.d4 cxd4 8.Qxd4 d6
9.Bg5 O-O 10.Rfd1 h6 11.Bxf6 Bxf6 12.Qf4 Bxc3 13.bxc3 Qc7 14.Rxd6 Na6 15.Rad1 Bxf3
16.Bxf3 Rad8 17.c5 bxc5 18.Rxd8 Rxd8 19.Rxd8+ Qxd8 20.Qa4 Qc8 21.e3 g6 22.a3 c4
23.Be2 Nc5 24.Qxa7 Ne4 25.Qd4 Qb7 26.Bf3 Qb1+ 27.Kg2 Ng5 28.Bc6 Qf5 29.h4 Nh7
30.Qxc4 Nf6 31.Bf3 g5 32.a4 g4 33.Bc6 e5 34.a5 e4 35.Qa4 Qf3+ 36.Kg1  1-0

[Event "Budapest FS11 GM"]
[Site "Budapest"]
[Date "1995.??.??"]
[Round "2"]
[White "Volzhin, Alexander"]
[Black "Csom, Istvan"]
[Result "1-0"]
[WhiteElo "2460"]
[BlackElo "2455"]

1.Nf3 Nf6 2.c4 b6 3.g3 c5 4.Bg2 Bb7 5.O-O e6 6.Nc3 d6 7.b3 a6 8.Bb2 Be7 9.e3 O-O
10.d4 cxd4 11.Nxd4 Bxg2 12.Kxg2 Qc7 13.f4 Qb7+ 14.Qf3 Qxf3+ 15.Kxf3 Rc8 16.f5 e5
17.Nc2 d5 18.cxd5 e4+ 19.Kg2 Nbd7 20.Rac1 b5 21.Rfd1 Bd6 22.h3 Rc7 23.g4 b4
24.Na4 Rac8 25.Ne1 h6 26.Rxc7 Rxc7 27.Bxf6 Nxf6 28.Nb6 Rc3 29.Nc4 Bc5 30.d6 Nd7
31.Rd2 g6 32.Rc2 Kg7 33.Kg3 g5 34.Rxc3 bxc3 35.Kf2 Kf8 36.Ke2 Ke8 37.Nc2 Nf6
38.b4 Ba7 39.a4 Kd7 40.b5 axb5 41.axb5 Nd5 42.Ne5+ Kxd6 43.Nxf7+ Ke7 44.Ne5 Kd6
45.Nc6 Bb6 46.N2b4 Nf6 47.Na2 Kc5 48.Nxc3 Ba5 49.Nd1 Kxb5 50.Nd4+ Kc4 51.Nf2 Kd5
52.Ne6 Kd6 53.Ng7 Ke5 54.Nh5 Nd5 55.f6 Bb4 56.f7 Nc3+ 57.Kf1 Nd5 58.Nd1 Ke6
59.Ng3 Ke5 60.Ke2 Nf6 61.Nc3 Bf8 62.Kd2 Bc5 63.Kc2 Nd7 64.Nd1 Bb4 65.Nc3 Bc5
66.Nf1 Bf8 67.Kb3 Nc5+ 68.Kc4 Nb7 69.Nd2 Nd6+ 70.Kb3 Be7 71.Nc4+ Nxc4 72.Kxc4 Bf8
73.Na4 Ke6 74.Nc5+ Kxf7 75.Kd5 Bg7  1-0

[Event "Buenos Aires op"]
[Site "Buenos Aires"]
[Date "1995.??.??"]
[Round "3"]
[White "Garcia, Raimundo"]
[Black "Ricardi, Pablo"]
[Result "1/2-1/2"]
[WhiteElo "2385"]
[BlackElo "2530"]

1.Nf3 Nf6 2.c4 c5 3.g3 b6 4.Bg2 Bb7 5.O-O e6 6.Nc3 Be7 7.Re1 d5 8.d4 dxc4
9.dxc5 Nbd7 10.Qa4 Bxc5 11.Ne5 Bxg2 12.Kxg2 O-O 13.Rd1 Nxe5 14.Rxd8 Rfxd8
15.Bg5 a6 16.Rd1 Rdc8 17.Bxf6 b5 18.Qc2 gxf6 19.Qc1 Bf8 20.Qf4 Bg7 21.g4 Ng6
22.Qg3 b4  1/2-1/2

[Event "Buenos Aires op"]
[Site "Buenos Aires"]
[Date "1995.??.??"]
[Round "9"]
[White "Garcia, Raimundo"]
[Black "German, Gustavo"]
[Result "0-1"]
[WhiteElo "2385"]
[BlackElo "2340"]

1.Nf3 Nf6 2.c4 c5 3.g3 b6 4.Bg2 Bb7 5.O-O e6 6.Nc3 Be7 7.Re1 O-O 8.e4 Nc6
9.d4 cxd4 10.Nxd4 Rc8 11.b3 a6 12.Bb2 d6 13.Rc1 Re8 14.Nc2 Qc7 15.Ne3 Qb8
16.f3 Ne5 17.f4 Ned7 18.Ng4 Bc6 19.Nxf6+ Nxf6 20.a3 Nd7 21.Qe2 Nc5 22.b4 Nd7
23.Qd2 Nf6 24.h3 Qa8 25.Qd3 Rc7 26.Bf3 Rec8 27.g4 Bb7 28.g5 Nd7 29.Ne2 e5
30.h4 a5 31.c5 dxc5 32.fxe5 cxb4 33.e6 fxe6 34.Bg4 Nf8 35.Qh3 Rxc1 36.Bxe6+ Kh8
37.Rxc1 Rxc1+ 38.Nxc1 Bc5+ 39.Kf1 Bxe4 40.axb4 Bxb4 41.Bg4 Qd5 42.Qe3 Bg2+
43.Ke2 Qc4+  0-1

[Event "Cannes Martinez op"]
[Site "Cannes"]
[Date "1995.??.??"]
[Round "9"]
[White "Rotstein, Arkadij"]
[Black "Collas, Didier"]
[Result "1-0"]
[WhiteElo "2485"]
[BlackElo "2335"]

1.c4 e6 2.Nf3 Nf6 3.g3 b6 4.Bg2 Bb7 5.O-O c5 6.Nc3 Be7 7.Re1 d6 8.e4 a6 9.d4 cxd4
10.Nxd4 Qc7 11.Be3 O-O 12.Rc1 Nbd7 13.f4 Rfd8 14.Nd5 exd5 15.cxd5 Nc5 16.b4 Nfd7
17.Nf5 Bf6 18.g4 g6 19.Nh6+ Kf8 20.g5 Bg7 21.Bd4 f6 22.Ng4 Kf7 23.Rc3 Rf8
24.bxc5 bxc5 25.gxf6 Nxf6 26.Bxf6 Bxf6 27.Nxf6 Kxf6 28.e5+ Kg7 29.Qc1 Rac8
30.Qb2 Ba8 31.exd6 Qxd6 32.Rxc5+ Kg8 33.Rxc8 Rxc8 34.Qe5 Qc5+ 35.Kh1 Rd8
36.Qf6 Qf8 37.Qxa6 Rxd5 38.Qe6+ Qf7 39.Qc8+ Qf8 40.Qe6+ Qf7 41.Qxf7+ Kxf7
42.Bxd5+ Bxd5+ 43.Kg1 Bxa2 44.Ra1 Be6 45.Ra7+ Kg8 46.Kf2 Bf7 47.Ke3 Kg7 48.Ke4 Kf6
49.Ra6+ Be6 50.Rb6 h6 51.h4  1-0

[Event "Castellar op"]
[Site "Castellar"]
[Date "1995.??.??"]
[Round "?"]
[White "Pogorelov, Ruslan"]
[Black "Rull, Oscar"]
[Result "1-0"]
[WhiteElo "2445"]
[BlackElo "2055"]

1.Nf3 b6 2.g3 Bb7 3.Bg2 c5 4.c4 Nf6 5.O-O e6 6.Nc3 Be7 7.d4 cxd4 8.Qxd4 O-O
9.Rd1 Qc8 10.Qd3 Rd8 11.e4 d6 12.b3 Na6 13.Qe2 Nc5 14.Nd4 a6 15.Bb2 Qc7 16.Rac1 Rac8
17.h3 Ne8 18.h4 Bf6 19.Bh3 Nd7 20.Rc2 Nf8 21.Rcd2 Bc6 22.Nxc6 Qxc6 23.Bg2 Qc7
24.Rd3 Nd7 25.Kh1 Nc5 26.Re3 Rd7 27.f4 Rcd8 28.Rf1 g6 29.g4 Bh8 30.g5 Qb8
31.Qf3 Nc7 32.b4 Nb7 33.Rd3 Na8 34.Na4 b5 35.cxb5 axb5 36.Bxh8 Kxh8 37.Nc3 Rc8
38.f5 Nc7 39.fxe6 Nxe6 40.Qf6+ Kg8 41.Nd5 Ng7 42.Bh3 Rdd8 43.Ne7+ Kh8 44.h5 gxh5
45.Nf5 Rg8 46.Nh6 Rcf8 47.Nxf7+ Rxf7 48.Qxf7 Nd8  1-0

[Event "Dresden op"]
[Site "Dresden"]
[Date "1995.??.??"]
[Round "?"]
[White "Kalinitschew, Sergey"]
[Black "Teske, Henrik"]
[Result "1-0"]
[WhiteElo "2470"]
[BlackElo "2500"]

1.Nf3 Nf6 2.c4 c5 3.g3 b6 4.Bg2 Bb7 5.O-O e6 6.Nc3 Be7 7.d4 cxd4 8.Qxd4 Nc6
9.Qf4 O-O 10.Rd1 Qb8 11.Qxb8 Raxb8 12.Bf4 Rbc8 13.Ne5 d6 14.Nxc6 Bxc6 15.Bxd6 Bxd6
16.Rxd6 Bxg2 17.Kxg2 Rxc4 18.Rad1 h6 19.f3 Rfc8 20.Rd8+ Kh7 21.Kf2 g5 22.R8d2 R8c5
23.Rd8 Rc8 24.Rxc8 Rxc8 25.e4 Kg7 26.Ke3 Kf8 27.e5 Ne8 28.Rd7 Rc7 29.Rd8 Ke7
30.Ra8 Rd7 31.Ne4 f5 32.exf6+ Nxf6 33.Rh8 Nxe4 34.Rh7+ Kd6 35.Rxd7+ Kxd7
36.Kxe4 Kd6 37.f4 g4 38.f5 e5 39.a4 a5 40.f6 Ke6 41.f7 Kxf7 42.Kxe5 Kg6 43.Kd5  1-0

[Event "Gausdal Int"]
[Site "Gausdal"]
[Date "1995.??.??"]
[Round "8"]
[White "McNab, Colin Anderson"]
[Black "Shabtai, Ran"]
[Result "1-0"]
[WhiteElo "2475"]
[BlackElo "2330"]

1.c4 Nf6 2.Nf3 e6 3.g3 b6 4.Bg2 Bb7 5.O-O c5 6.b3 Be7 7.Bb2 O-O 8.d3 d6 9.Nc3 a6
10.e4 Nbd7 11.Qe2 Re8 12.Nd2 e5 13.f4 exf4 14.gxf4 Bf8 15.Rf3 g6 16.Nf1 Bg7
17.Ne3 Nb8 18.Rh3 Nc6 19.Kh1 Bc8 20.f5 gxf5 21.exf5 Bxf5 22.Nxf5 Rxe2 23.Nxe2 Ne5
24.Rf1 Ra7 25.d4 cxd4 26.Nexd4 Bh8 27.Rg3+ Kf8 28.Ba3 Rd7 29.Nxd6 Rxd6 30.Nf5 Ne8
31.Nxd6 Nxd6 32.Rd1 Nxc4 33.bxc4 Be5 34.Bxd6+ Bxd6 35.Rgd3 Qh4 36.Rxd6 Qxc4
37.Rd8+ Kg7 38.Rg1 Kf6 39.Rd2 a5 40.Rf2+ Ke5 41.Re1+ Kd6 42.Rd2+ Kc5 43.Re5+  1-0

[Event "Gent op"]
[Site "Gent"]
[Date "1995.??.??"]
[Round "3"]
[White "Cekro, Ekrem"]
[Black "Riemens, Albert"]
[Result "1-0"]
[WhiteElo "2440"]
[BlackElo "2205"]

1.c4 b6 2.Nf3 Bb7 3.g3 e6 4.Bg2 c5 5.O-O Nf6 6.b3 Be7 7.Bb2 O-O 8.d4 cxd4
9.Qxd4 d6 10.Nc3 a6 11.Rfd1 Nbd7 12.e4 Qc7 13.h3 Rad8 14.Qe3 Rfe8 15.Rac1 Qb8
16.Nd4 Bf8 17.Re1 Ba8 18.Qe2 Rc8 19.Nc2 Ne5 20.Kh2 Ng6 21.Ne3 Nd7 22.f4 Bc6
23.Nc2 Bb7 24.Rcd1 Qc7 25.Ne3 Qb8 26.Rd2 Red8 27.Red1 Qc7 28.Ba1 Ba8 29.h4 Be7
30.h5 Ngf8 31.Ng4 h6 32.Nxh6+ gxh6 33.Qg4+ Ng6 34.Ne2 Nf6 35.Bxf6 Bxf6 36.hxg6 Bxe4
37.gxf7+ Kxf7 38.Qh5+ Kg8 39.Rxd6  1-0

[Event "BL2-S9495"]
[Site "Germany"]
[Date "1995.??.??"]
[Round "?"]
[White "Neunhoeffer, Helmut"]
[Black "Staiger, Frank"]
[Result "1/2-1/2"]
[WhiteElo "2300"]
[BlackElo "2285"]

1.c4 Nf6 2.Nf3 e6 3.g3 b6 4.Bg2 Bb7 5.O-O c5 6.b3 Be7 7.Bb2 O-O 8.Nc3 Qc7
9.d4 d6 10.Qd2 a6 11.Rac1 Nbd7 12.Rfe1 Ne4 13.Nxe4 Bxe4 14.dxc5 dxc5 15.Ne5 Nxe5
16.Bxe4 Rad8 17.Qc2 h6 18.Rcd1 Bf6  1/2-1/2

[Event "BL2-S9495"]
[Site "Germany"]
[Date "1995.??.??"]
[Round "?"]
[White "Schulze, Ulrich"]
[Black "Fahnenschmidt, Gerhard"]
[Result "0-1"]
[WhiteElo "2400"]
[BlackElo "2395"]

1.Nf3 c5 2.c4 Nf6 3.g3 b6 4.Bg2 Bb7 5.O-O e6 6.d4 cxd4 7.Qxd4 Be7 8.Nc3 Nc6
9.Qf4 O-O 10.Rd1 d6 11.b3 Qb8 12.Bb2 Rd8 13.Ng5 Ne5 14.Nce4 Nxe4 15.Nxe4 Ng6
16.Qf3 f5 17.Qc3 e5 18.Nd2 Bxg2 19.Kxg2 Qb7+ 20.Qf3 Qxf3+ 21.Nxf3 Kf7 22.Nd2 d5
23.cxd5 Rxd5 24.e4 fxe4 25.Nxe4 Rad8 26.Rxd5 Rxd5 27.Rc1 Ke6 28.Rc7 Rd7 29.Rxd7 Kxd7
30.Kf3 Kc6 31.Ke3 Nf8 32.f3 Nd7 33.g4 b5 34.Kd3 g6 35.a4 a6 36.axb5+ axb5
37.Bc1 Kd5 38.Nc3+ Kc6 39.Be3 Bc5 40.Bg5 Bg1 41.h3 Nc5+ 42.Kc2 Ne6 43.Bf6 Nd4+
44.Kd3 Nxf3 45.Ke4 Nd2+ 46.Kxe5 Nxb3 47.g5 Nd4 48.Nd5 Nf5 49.Ke6 Bc5 50.Nf4 b4
51.Nd3 Kb5 52.Kf7 b3 53.Nxc5 Kxc5 54.Bb2 Kc4 55.Kg8 Kd3 56.Kxh7 Nh4  0-1

[Event "BL2-W9495"]
[Site "Germany"]
[Date "1995.??.??"]
[Round "?"]
[White "Bosboom, Manuel"]
[Black "Rosenberger, Frank"]
[Result "1-0"]
[WhiteElo "2380"]
[BlackElo "2295"]

1.c4 c5 2.Nf3 Nf6 3.g3 b6 4.Bg2 Bb7 5.O-O e6 6.Nc3 Be7 7.Re1 d6 8.e4 a6 9.d4 cxd4
10.Nxd4 Qc7 11.Be3 O-O 12.Rc1 Nbd7 13.f4 Rfe8 14.f5 Bf8 15.fxe6 fxe6 16.Bh3 Nc5
17.b4 Ncxe4 18.Nxe4 Nxe4 19.Nxe6 Qc8 20.Nf4 Qd8 21.Nd5 Ng5 22.Bg2 Rb8 23.Qg4 Nf7
24.Bxb6 Rxe1+ 25.Rxe1 Bc8 26.Bxd8 Bxg4 27.Bc7 Rc8 28.b5 axb5 29.cxb5 Ne5
30.b6 Re8 31.b7 Nf3+ 32.Bxf3 Rxe1+ 33.Kf2  1-0

[Event "BL2-W9495"]
[Site "Germany"]
[Date "1995.??.??"]
[Round "?"]
[White "Prang, Edgar"]
[Black "Kotter, Ralf"]
[Result "0-1"]
[WhiteElo "2310"]
[BlackElo "2265"]

1.Nf3 b6 2.g3 Bb7 3.Bg2 e6 4.O-O Nf6 5.c4 c5 6.b3 Be7 7.Bb2 O-O 8.e3 d5 9.Nc3 Nbd7
10.d3 Qc7 11.Qe2 Rad8 12.e4 d4 13.Nd1 e5 14.Nh4 g6 15.Bh3 Ne8 16.Bc1 Bxh4
17.gxh4 Ndf6 18.f4 Nh5 19.f5 Kh8 20.fxg6 hxg6 21.Bh6 Neg7 22.Qd2 Bc8 23.Nf2 Qe7
24.Bg5 f6 25.Bh6 Rf7 26.Bxc8 Rxc8 27.Nh3 Ne6 28.Rf3 Rh7 29.Raf1 g5 30.hxg5 Rg8
31.Qf2 Rxh6 32.Kh1 Nxg5 33.Nxg5 Rxg5  0-1

[Event "Hajduboszormeny Knockout"]
[Site "Hajduboszormeny"]
[Date "1995.??.??"]
[Round "5"]
[White "Meszaros, Andras"]
[Black "Krutti, Valer"]
[Result "1/2-1/2"]
[WhiteElo "2355"]
[BlackElo "2355"]

1.Nf3 Nf6 2.g3 b6 3.Bg2 Bb7 4.O-O c5 5.c4 e6 6.d4 cxd4 7.Qxd4 d6 8.Nc3 a6
9.b3 Nbd7 10.Rd1 Be7 11.e4 O-O 12.Bb2  1/2-1/2

[Event "Harkany op "]
[Site "Harkany"]
[Date "1995.??.??"]
[Round "?"]
[White "Dobrovolsky, Ladislav"]
[Black "Ivan, Zoltan"]
[Result "1-0"]
[WhiteElo "2390"]
[BlackElo "2235"]

1.Nf3 Nf6 2.g3 b6 3.Bg2 Bb7 4.O-O e6 5.c4 c5 6.b3 Be7 7.Bb2 O-O 8.e3 d6 9.Qe2 Nbd7
10.d3 Qc7 11.Nc3 a6 12.Rfd1 Rfe8 13.a3 h6 14.Rac1 Rac8 15.h3 Qb8 16.e4 Bf8
17.Re1 Ne5 18.b4 Nxf3+ 19.Bxf3 Nd7 20.Bg2 d5 21.b5 a5 22.cxd5 exd5 23.Qc2 d4
24.Nb1 Re6 25.Nd2 Rce8 26.Nf3 Ne5 27.Nxe5 Qxe5 28.f4 Qc7 29.Bxd4 Qd7 30.Ba1 Qxb5
31.f5 Rc6 32.a4 Qa6 33.Qc4 Qa8 34.e5 Rc7 35.Bxb7 Qxb7 36.Re4 Rd7 37.e6 fxe6
38.fxe6 Rd5 39.Rf1 Re7 40.Ref4 Rd8 41.Rf7 Rxf7 42.Rxf7 Qd5 43.Rxg7+  1-0

[Event "Hlohovec op"]
[Site "Hlohovec"]
[Date "1995.??.??"]
[Round "?"]
[White "Pal, Peter"]
[Black "Ianov, Viktor"]
[Result "0-1"]
[WhiteElo "2285"]
[BlackElo "2360"]

1.Nf3 Nf6 2.c4 c5 3.g3 b6 4.Bg2 Bb7 5.O-O e6 6.d3 Be7 7.e4 d6 8.Nc3 Nbd7
9.Ne1 Qc7 10.Nc2 a6 11.Qe2 O-O 12.f4 Rfe8 13.g4 Nf8 14.Ne3 N6d7 15.Bd2 Bf6
16.g5 Bd4 17.Kh1 Bxe3 18.Bxe3 Ng6 19.Qf2 Bc6 20.Rae1 b5 21.Bc1 Qb7 22.b3 b4
23.Ne2 f5 24.exf5 exf5 25.d4 d5 26.dxc5 dxc4 27.Nd4 Bxg2+ 28.Qxg2 Qxg2+ 29.Kxg2 Rxe1
30.Rxe1 Nxc5 31.bxc4 Nd3 32.Rf1 Rc8 33.Be3 Rxc4 34.Kg3 Ne7 35.Rd1 Rc3 36.Ne2 Ra3
37.Kf3 Nd5 38.Nc1 Ne5+ 39.fxe5 Rxe3+ 40.Kf2 Rxe5 41.Nd3 Re4 42.Nc5 Rf4+ 43.Kg3 Rg4+
44.Kf3 Ne7 45.Nxa6 Rc4 46.Rd7 Nc6 47.Rb7 Ne5+ 48.Kg2 Nd3 49.Kf1 f4 50.Rd7 Rc3
51.h4 f3 52.Rc7 Ra3 53.Nc5 Nxc5 54.Rxc5 Rxa2 55.Rb5 Rb2 56.Rf5 Rh2 57.Rf4 b3
58.Kg1 Rg2+ 59.Kh1 b2 60.Rxf3 Rc2  0-1

[Event "HUN-chT1"]
[Site "HUN"]
[Date "1995.??.??"]
[Round "?"]
[White "Marosi, Gyorgy"]
[Black "Horvath, Sandor"]
[Result "1/2-1/2"]
[WhiteElo "2280"]
[BlackElo "2300"]

1.Nf3 Nf6 2.c4 b6 3.g3 Bb7 4.Bg2 e6 5.O-O c5 6.Nc3 Be7 7.d4 cxd4 8.Qxd4 Nc6
9.Qf4 a6 10.Rd1 O-O  1/2-1/2

[Event "HUN-chT1"]
[Site "HUN"]
[Date "1995.??.??"]
[Round "?"]
[White "Pirisi, Gabor"]
[Black "Lorincz, Istvan"]
[Result "1-0"]
[WhiteElo "2405"]
[BlackElo "2360"]

1.Nf3 Nf6 2.c4 e6 3.g3 b6 4.Bg2 Bb7 5.O-O c5 6.d3 Be7 7.e4 d6 8.Nc3 Nbd7
9.a3 O-O 10.Rb1 a6 11.h3 Qc7 12.Qe2 Ne5 13.Rd1 Nxf3+ 14.Bxf3 Rac8 15.Bg2 Ba8
16.b3 Qb8 17.Bb2 Nd7 18.Qd2 Bf6 19.Ne2 b5 20.Bxf6 Nxf6 21.Qa5 Qc7 22.Qxc7 Rxc7
23.Nc3 Rb8 24.cxb5 axb5 25.a4 b4 26.Nb5 Rd7 27.Rbc1 e5 28.f4 exf4 29.gxf4 Nh5
30.Rf1 g6 31.h4 Bc6 32.Nd4 Bxa4 33.bxa4 cxd4 34.e5 Kg7 35.Bc6 Rdd8 36.a5 b3
37.a6 Rb6 38.Bb7 Ng3 39.Rf2 Nf5 40.Rb2 Rb8 41.Rc7 R8xb7 42.axb7 dxe5 43.fxe5 Kh6
44.Rxf7 Ng7 45.e6 Nxe6 46.Rf6  1-0

[Event "HUN-chT1"]
[Site "HUN"]
[Date "1995.??.??"]
[Round "?"]
[White "Peredy, Ferenc"]
[Black "Pergel, Laszlo"]
[Result "0-1"]
[WhiteElo "2230"]
[BlackElo "2145"]

1.Nf3 Nf6 2.g3 b6 3.Bg2 Bb7 4.O-O c5 5.c4 e6 6.Nc3 Be7 7.e3 O-O 8.Qe2 a6
9.b3 Qc7 10.Bb2 d6 11.d4 cxd4 12.exd4 d5 13.Rac1 dxc4 14.bxc4 Re8 15.Rfd1 Nbd7
16.Ne1 Rac8 17.Bxb7 Qxb7 18.Ng2 Bb4 19.Ne3 Bxc3 20.Bxc3 Ne4 21.Qf3 Ndf6 22.Ba1 Qd7
23.Rb1 b5 24.cxb5 axb5 25.d5 Ng5 26.Qe2 Nxd5 27.Qb2 f6 28.Nxd5 exd5 29.Qxb5 Qxb5
30.Rxb5 Rc2 31.Bd4 Rxa2 32.Rxd5 Ree2 33.Rd8+ Kf7 34.Kg2 Ne4 35.Rf1 Nd2 36.Ra1 Rxa1
37.Bxa1 Nc4 38.Bd4 Kg6 39.Kf3 Rd2 40.Rd5 h5 41.h4 Na3 42.Ke4 Nc2 43.Be3 Rxd5
44.Kxd5 Nxe3+ 45.fxe3 Kf5  0-1

[Event "HUN-chT2 9495"]
[Site "HUN"]
[Date "1995.??.??"]
[Round "?"]
[White "Herpai, Jozsef"]
[Black "Pejko, Otomar"]
[Result "0-1"]
[WhiteElo "2310"]
[BlackElo "2215"]

1.Nf3 Nf6 2.g3 b6 3.Bg2 Bb7 4.O-O c5 5.c4 e6 6.b3 Be7 7.Bb2 O-O 8.Nc3 d6
9.d4 cxd4 10.Qxd4 a6 11.h3 Qc7 12.Rfd1 Nbd7 13.Rac1 Rac8 14.Ng5 Bxg2 15.Kxg2 Rfd8
16.f3 Nc5 17.Qe3 h6 18.Nge4 Qc6 19.Nxc5 dxc5 20.Rxd8+ Rxd8 21.Rd1 Bd6 22.Rd3 Bc7
23.Rxd8+ Bxd8 24.Qd3 Bc7 25.Nd1 Nh5 26.Nf2 Nxg3 27.Ng4 Nh5 28.Qd2 f6 29.e3 Qd6
30.Qxd6 Bxd6 31.Nf2 Kf7 32.Nd3 Ng3 33.e4 Nh5 34.Bc1 g5 35.h4 Bf4 36.Nxf4 Nxf4+
37.Kf1 Nd3 38.Bd2 g4 39.Kg2 Kg6 40.Kh2 Ne5 41.Kg2  0-1

[Event "HUN-chT1 9596"]
[Site "HUN"]
[Date "1995.??.??"]
[Round "4"]
[White "Tompa, Janos"]
[Black "Zsinka, Laszlo"]
[Result "1-0"]
[WhiteElo "2450"]
[BlackElo "2355"]

1.Nf3 Nf6 2.g3 b6 3.c4 Bb7 4.Bg2 e6 5.O-O c5 6.b3 Be7 7.Bb2 O-O 8.e3 a6 9.Qe2 d6
10.Nc3 Nbd7 11.Rfd1 Re8 12.Rac1 Bf8 13.d4 cxd4 14.exd4 Qb8 15.Rc2 Qa7 16.b4 Rac8
17.a4 Qb8 18.Ra1 d5 19.c5 bxc5 20.bxc5 e5 21.dxe5 Nxe5 22.Nxe5 Rxe5 23.Qd3 Bxc5
24.Ne2 d4 25.Bxd4 Bxg2 26.Bxe5 Qxe5 27.Kxg2 Qxa1 28.Rxc5 Re8 29.Qxa6 Qa2
30.Rc8 Qd5+ 31.f3 h5 32.Rxe8+ Nxe8 33.Qb5 Qxb5 34.axb5 Nd6 35.Nc3 Kf8 36.Kf2 Ke7
37.Ke3 Ke6 38.Kd4 Nb7 39.Ne4 Na5 40.Ng5+ Ke7 41.h4 f6 42.Nh3 Nb3+ 43.Kd5 Nd2
44.b6 Kd7 45.Nf4 g5 46.Nxh5 Nxf3 47.Nxf6+ Kc8 48.h5  1-0

[Event "Las Palmas op"]
[Site "Las Palmas"]
[Date "1995.??.??"]
[Round "6"]
[White "Todorcevic, Miodrag"]
[Black "Rodriguez Lopez, Rafael"]
[Result "1-0"]
[WhiteElo "2465"]
[BlackElo "2315"]

1.c4 e6 2.Nf3 b6 3.g3 c5 4.Bg2 Bb7 5.O-O Nf6 6.b3 Be7 7.e3 O-O 8.Bb2 Nc6
9.Qe2 d5 10.d3 Rc8 11.Nc3 Qd7 12.Rad1 Rcd8 13.e4 d4 14.Nb1 e5 15.Nh4 g6 16.Bc1 Ne8
17.Bh6 Ng7 18.Nf3 f6 19.h4 Rf7 20.Nh2 Bf8 21.Bc1 Kh8 22.Ng4 Bd6 23.Bh3 Rff8
24.Bh6 Rde8 25.Nd2 Qc7 26.Nh2 Nd8 27.Ndf3 Nf7 28.Bxg7+ Kxg7 29.h5 Nh6 30.Nh4 Rg8
31.Qd2 Bc8 32.Bxc8 Qxc8 33.Qe2 Qh3 34.Qf3 Ref8 35.Rfe1 Rf7 36.a3 Kh8 37.hxg6 hxg6
38.Qg2 Qd7 39.Kf1 b5 40.Ke2 Kg7 41.Rh1 Rh8 42.Qf3 Rff8 43.cxb5 Qxb5 44.Ng4 Qd7
45.Nxh6 Rxh6 46.Nf5+ gxf5 47.Rxh6 Kxh6 48.Rh1+ Kg7 49.Qh5 Kg8 50.exf5 Qg7
51.Rh4 Rb8 52.Rg4 Bf8 53.Rxg7+ Bxg7 54.Qf3  1-0

[Event "National op"]
[Site "Las Vegas"]
[Date "1995.??.??"]
[Round "6"]
[White "Bradford, Joseph M"]
[Black "Friedman, Aviv"]
[Result "1-0"]
[WhiteElo "2440"]
[BlackElo "2325"]

1.Nf3 c5 2.c4 Nf6 3.g3 b6 4.Bg2 Bb7 5.O-O e6 6.Nc3 Be7 7.Re1 O-O 8.e4 d6
9.d4 cxd4 10.Nxd4 Qc7 11.Bg5 a6 12.Rc1 Nbd7 13.f4 Rad8 14.f5 e5 15.Nd5 Nxd5
16.cxd5 Nc5 17.f6 Bxf6 18.Bxf6 gxf6 19.Nf5 Kh8 20.b4 Bc8 21.bxc5 bxc5 22.Rf1 Bxf5
23.Rxf5 Rg8  1-0

[Event "Linares op"]
[Site "Linares"]
[Date "1995.??.??"]
[Round "?"]
[White "Leroy, Adrien"]
[Black "Kovacevic, Slobodan"]
[Result "0-1"]
[WhiteElo "2220"]
[BlackElo "2365"]

1.Nf3 c5 2.c4 b6 3.g3 Bb7 4.Bg2 Nf6 5.O-O e6 6.Nc3 a6 7.b3 d6 8.d4 cxd4 9.Qxd4 Nbd7
10.e4 Be7 11.Ba3 Nc5 12.Rad1 Qc8 13.e5 dxe5 14.Nxe5 Bxg2 15.Kxg2 Qb7+ 16.f3 Nxb3
17.axb3 Bxa3 18.Ne4 Nxe4 19.fxe4 O-O 20.Nd7 Rfd8 21.Rf4 Be7 22.Rf3 Ra7 23.Rfd3 Rxd7
24.Qxd7 Qxe4+ 25.Kh3 Rxd7 26.Rxd7 h5 27.Rf1 Bf6  0-1

[Event "Litomysl op"]
[Site "Litomysl"]
[Date "1995.??.??"]
[Round "5"]
[White "Sergeev, Vladimir"]
[Black "Polak, Petr"]
[Result "1-0"]
[WhiteElo "2415"]
[BlackElo "2085"]

1.Nf3 Nf6 2.g3 b6 3.Bg2 Bb7 4.O-O c5 5.c4 e6 6.Nc3 Be7 7.d4 cxd4 8.Qxd4 d6
9.b3 O-O 10.Rd1 Nbd7 11.Bb2 a6 12.Qe3 h6 13.Nd4 Bxg2 14.Kxg2 Rc8 15.h3 Re8
16.Rac1 Qc7 17.Kg1 Qb7 18.Qf3 Qxf3 19.Nxf3 Red8 20.Nd4 Nc5 21.e3 Nfe4 22.Nce2 Nf6
23.Ba1 Bf8 24.Nc2 Be7 25.Ncd4 Bf8 26.Kg2 d5 27.b4 Na4 28.cxd5 Rxc1 29.Rxc1 Nxd5
30.a3 a5 31.Nc6 Ra8 32.e4 Ne7 33.Ned4 Nxc6 34.Nxc6 Kh8 35.Rc4 axb4 36.axb4 b5
37.Rc2 Rc8 38.Bd4 f6 39.f4 Bd6 40.Kf3 e5 41.Be3 Rc7 42.Kg4 g6 43.h4 h5+ 44.Kf3 Kg7
45.f5 gxf5 46.exf5 e4+ 47.Kxe4 Bxg3 48.Kd5 Bxh4 49.Ke6 Rc8 50.Rg2+ Kh7 51.Ne7 Rc4
52.Rg6 Rc7 53.Kf7 Bg5 54.Bxg5 fxg5 55.Rxg5 Kh6 56.Rg6+ Kh7 57.Kf6  1-0

[Event "POL-chT"]
[Site "Lubniewice"]
[Date "1995.??.??"]
[Round "4"]
[White "Macieja, Bartlomiej"]
[Black "Cyborowski, Lukasz"]
[Result "1/2-1/2"]
[WhiteElo "2395"]
[BlackElo "2210"]

1.Nf3 Nf6 2.c4 c5 3.g3 b6 4.Bg2 Bb7 5.O-O e6 6.Nc3 Be7 7.d4 cxd4 8.Qxd4 d6
9.Rd1 a6 10.b3 Nbd7 11.Nd2 Bxg2 12.Kxg2 O-O 13.Nde4 Nxe4 14.Nxe4 Ra7 15.Ba3 Nc5
16.Bb2 f6 17.Nc3 Re8 18.e4 Bf8 19.h4 Rf7 20.f3 f5 21.exf5 Rxf5 22.Rf1 b5
23.Rae1 bxc4 24.bxc4 Qb6 25.Nd5 Qb8 26.Ne3 Rf7 27.Re2 Qb7 28.h5 h6 29.Ba3 Be7
30.Bxc5 dxc5 31.Qe5 Qc6 32.Ng4 Bf6 33.Nxf6+ Rxf6 34.Qe4 Qd6 35.Rb1 Rf5 36.Rb7 Ref8
37.Qxe6+ Qxe6 38.Rxe6 Rxf3 39.Rg6 Rf2+ 40.Kh3 R8f7 41.Rxf7 Kxf7 42.Rxa6 Rc2
43.Kg4 Rxc4+ 44.Kf5 Rd4 45.Ra7+ Kg8 46.a4 c4 47.Rc7 c3  1/2-1/2

[Event "Manresa op"]
[Site "Manresa"]
[Date "1995.??.??"]
[Round "5"]
[White "Spraggett, Kevin"]
[Black "Agnos, Demetrios"]
[Result "1-0"]
[WhiteElo "2530"]
[BlackElo "2450"]

1.Nf3 Nf6 2.c4 e6 3.g3 b6 4.Bg2 Bb7 5.O-O c5 6.Nc3 a6 7.Re1 Be7 8.e4 d6 9.d3 O-O
10.h3 Qc7 11.b3 Nc6 12.Bb2 Nd7 13.d4 cxd4 14.Nxd4 Rac8 15.Nd5 Qd8 16.Nxe7+ Qxe7
17.Ne2 Nc5 18.Nc3 Rfd8 19.Re3 Rb8 20.Qh5 Ba8 21.Bf1 b5 22.cxb5 axb5 23.Bxb5 Nd4
24.Bd3 Nxd3 25.Rxd3 e5 26.Rad1 Qa7 27.R1d2 Qd7 28.Rxd4 exd4 29.Rxd4 Rbc8
30.Qg4 Qe7 31.a4 f6 32.b4 d5 33.Nxd5 Bxd5 34.Rxd5 Rc2 35.Bd4 Rxd5 36.exd5 Qxb4
37.Qe6+ Kf8 38.Be3 Ra2 39.Bf4 Qb1+ 40.Kg2 g5 41.Bd6+  1-0

[Event "Capablanca mem-B"]
[Site "Matanzas"]
[Date "1995.??.??"]
[Round "1"]
[White "Paneque, Pedro"]
[Black "Galego, Luis"]
[Result "0-1"]
[WhiteElo "2405"]
[BlackElo "2435"]

1.c4 c5 2.Nf3 Nf6 3.g3 b6 4.Bg2 Bb7 5.O-O e6 6.Nc3 d6 7.d3 Be7 8.e4 Nc6 9.Ne1 Qc7
10.f4 Nd4 11.Be3 a6 12.h3 Nd7 13.Bxd4 cxd4 14.Ne2 e5 15.Nf3 b5 16.b3 bxc4
17.bxc4 Nc5 18.g4 O-O 19.f5 Qd8 20.Rf2 Bg5 21.Kh1 Be3 22.Rf1 Qa5 23.Ng3 Qc3
24.Ne1 Bc6 25.g5 Ba4 26.Qg4 Qxa1 27.Nh5 Bd1 28.Bf3 Bxf3+ 29.Qxf3 Kh8 30.Ng2 Qc3
31.g6 fxg6  0-1

[Event "Capablanca mem-B"]
[Site "Matanzas"]
[Date "1995.??.??"]
[Round "3"]
[White "Hernandez, Roman"]
[Black "Medina, Miguel"]
[Result "1/2-1/2"]
[WhiteElo "2435"]
[BlackElo "2415"]

1.c4 e6 2.Nf3 Nf6 3.g3 b6 4.Bg2 Bb7 5.O-O c5 6.Nc3 Be7 7.d4 cxd4 8.Qxd4 O-O
9.e4 d6 10.Qe3 Nbd7 11.Qe2 a6 12.Nd4 Qc7 13.Bd2 Rac8 14.b3 Rfe8 15.Rac1 Qb8
16.Rfe1 Bf8 17.h3 g6 18.Be3  1/2-1/2

[Event "USA-ch"]
[Site "Modesto"]
[Date "1995.??.??"]
[Round "6"]
[White "Gulko, Boris F"]
[Black "Browne, Walter S"]
[Result "1/2-1/2"]
[WhiteElo "2620"]
[BlackElo "2560"]

1.Nf3 c5 2.c4 Nf6 3.g3 b6 4.Bg2 Bb7 5.O-O e6 6.b3 Be7 7.Bb2 O-O 8.e3 d5 9.Qe2 Nc6
10.Rd1 dxc4 11.bxc4 Qc7 12.Nc3 Rac8 13.Rac1 a6 14.d4 cxd4 15.exd4 Na5 16.d5 Qxc4
17.Rd3 exd5 18.Nxd5 Qxc1+ 19.Bxc1 Rxc1+ 20.Ne1 Bxd5 21.Bxd5 Bb4 22.Rd1 Rxd1
23.Qxd1 Bxe1 24.Bxf7+ Kxf7 25.Qxe1 Rc8 26.Qe2 Nc4 27.g4 Rc5 28.h4 h6 29.f4 h5
30.gxh5 Nxh5 31.f5 Nf6 32.Qe6+ Kf8 33.Kg2 Ne8 34.h5 Ncd6 35.h6 gxh6 36.Qxh6+ Ke7
37.Qe6+ Kd8 38.f6 Rc7 39.Qd5 a5 40.Qd4 Kc8 41.Qxb6 Kd7  1/2-1/2